Wer hat mitgespielt? Avengers: Endgame - Sudden Death - Statistiken

Allgemein
  • Dieses Quiz wurde 117 mal gespielt
  • Das Durchschnittsergebnis liegt bei 6 aus 15
Answers on the Grid
Answers color-coded by a green-red scale on the quiz's grid according to % correct below.
Robert Downey Jr.
Mark Ruffalo
Don Cheadle
Evangeline Lilly
Vin Diesel
Zoe Saldana
Tom Hiddleston
Josh Brolin
William Hurt
Cobie Smulders
Chadwick Boseman
Natalie Portman
Bradley Cooper
Michelle Pfeiffer
Tilda Swinton
Edward Norton
Helena Bonham Carter
Matt Damon
Emily Blunt
Harvey Keitel
John Lithgow
J.K. Simmons
Reese Witherspoon
Willem Dafoe
Margot Robbie
Daniel Brühl
Ryan Reynolds
Ethan Hawke
Woody Harrelson
Harrison Ford
 
Antwortstatistiken
Antwort % Korrekt
Robert Downey Jr.
85%
Mark Ruffalo
72%
Chadwick Boseman
60%
Tom Hiddleston
59%
Zoe Saldana
52%
Bradley Cooper
40%
Don Cheadle
39%
Josh Brolin
39%
Vin Diesel
37%
Natalie Portman
33%
Cobie Smulders
31%
Evangeline Lilly
29%
Tilda Swinton
28%
Michelle Pfeiffer
19%
William Hurt
9%
Keine übereinstimmenden Quizze gefunden
Verteilung der Resultate
Anzahl Personen mit jedem Resultat
Perzentil nach korrekt beantworteten Fragen
Ihre Resultats-Entwicklung
Sie haben dieses Quiz noch nicht gespielt